Crisis fiscal y financiera en América Latina / (Registro nro. 8375)
[ vista simple ]
| 000 -LEADER | |
|---|---|
| fixed length control field | 02929nam a2200313Ia 4500 |
| 003 - CONTROL NUMBER IDENTIFIER | |
| control field | OSt |
| 005 - DATE AND TIME OF LATEST TRANSACTION | |
| control field | 20210818163945.0 |
| 008 - FIXED-LENGTH DATA ELEMENTS--GENERAL INFORMATION | |
| fixed length control field | 210310s1998 ck ad gr 000 0dspa d |
| 020 ## - INTERNATIONAL STANDARD BOOK NUMBER | |
| International Standard Book Number | 9586017796 |
| 040 ## - CATALOGING SOURCE | |
| Original cataloging agency | CO-JMCR |
| Transcribing agency | CO-JMCR |
| 041 0# - LANGUAGE CODE | |
| Language code of text/sound track or separate title | spa |
| 082 04 - DEWEY DECIMAL CLASSIFICATION NUMBER | |
| Classification number | 338.98 / |
| Item number | G516c |
| Edition number | 23 |
| 100 1# - MAIN ENTRY--PERSONAL NAME | |
| Personal name | Giraldo Giraldo, César, |
| 9 (RLIN) | 17088 |
| Relator term | autor |
| 245 10 - TITLE STATEMENT | |
| Title | Crisis fiscal y financiera en América Latina / |
| Statement of responsibility, etc. | César Giraldo Giraldo, Pierre Salama, Jorge Iván González [y 1 más] |
| 250 ## - EDITION STATEMENT | |
| Edition statement | Primera edición |
| 260 ## - PUBLICATION, DISTRIBUTION, ETC. | |
| Place of publication, distribution, etc. | Bogotá : |
| Name of publisher, distributor, etc. | Tercer Mundo S.A. : ESAP, |
| Date of publication, distribution, etc. | 1998 |
| 300 ## - PHYSICAL DESCRIPTION | |
| Extent | XIII, 189 páginas : |
| Other physical details | ilustraciones y gráficas a blanco y negro ; |
| Dimensions | 21 cm. |
| 490 0# - SERIES STATEMENT | |
| Series statement | Académica |
| 500 ## - GENERAL NOTE | |
| General note | Incluye notas a pie de página. |
| 504 ## - BIBLIOGRAPHY, ETC. NOTE | |
| Bibliography, etc. note | Bibliografía al final de cada capítulo. |
| 505 0# - FORMATTED CONTENTS NOTE | |
| Formatted contents note | Hegemonía del capital financiero internacional y política económica en América Latina -- Financiarización excluyente de las economías latinoamericanas -- De lo financiero a la flexibilidad en América Latina y Norte y sureste de Asia -- Nueva crisis fiscal -- La deuda interna al servicio de la política monetaria -- La política fiscal en el modelo de sustitución de importaciones |
| 520 3# - SUMMARY, ETC. | |
| Summary, etc. | La tesis central de La crisis fiscal y la crisis financiera en Amé rica Latina es que existe una hegemonía del capital financiero que ha condicionado la evolución de las variables fiscales y de la política económica de la región.<br/>Para poder extraer rentas financieras de los países, dicho capital requiere la adopción de ciertas decisiones de política económica; que permitan: aumentar la tasa de ganancia de la economía; que dicha ganancia pueda ser vertida en moneda divisa para poderla realizar en los mercados internacionales de capitales; garantizar la circulación del capital para poder permear todos los procesos económicos, y absorber las actividades del Estado que son excedentarias.<br/>Con el objeto de alcanzar los tres primeros objetivos se precisa flexibilizar los mercados de trabajo y capital. El primero para disminuir los salarios y así poder aumentar la plusvalía absoluta (el capital financiero no tiene la paciencia necesaria para inducir un cambio técnico que permita aumentar la plusvalía relativa), y el segundo para permitir la libre circulación del capital. Además de la flexibilización señalada, se promueven políticas de privatización con el objeto de absorber los excedentes existentes en el Estado. Las políticas mencionadas, flexibilización y privatización, se promueven con el discurso de darle preeminencia al mercado, que es lo que se conoce como el discurso neoliberal. |
| 650 14 - SUBJECT ADDED ENTRY--TOPICAL TERM | |
| Topical term or geographic name entry element | Crisis financiera |
| 9 (RLIN) | 17090 |
| Geographic subdivision | América Latina |
| 650 24 - SUBJECT ADDED ENTRY--TOPICAL TERM | |
| Topical term or geographic name entry element | Hacienda pública |
| Geographic subdivision | América Latina |
| 9 (RLIN) | 39498 |
| 650 24 - SUBJECT ADDED ENTRY--TOPICAL TERM | |
| Topical term or geographic name entry element | Déficit fiscal |
| Geographic subdivision | América Latina |
| 9 (RLIN) | 39499 |
| 700 1# - ADDED ENTRY--PERSONAL NAME | |
| Personal name | Salama, Pierre, |
| Relator term | autor |
| 9 (RLIN) | 5513 |
| 700 1# - ADDED ENTRY--PERSONAL NAME | |
| Personal name | González, Jorge Iván, |
| Relator term | autor |
| 9 (RLIN) | 5104 |
| 942 ## - ADDED ENTRY ELEMENTS (KOHA) | |
| Source of classification or shelving scheme | Dewey Decimal Classification |
| Koha item type | Books |
| Withdrawn status | Lost status | Source of classification or shelving scheme | Damaged status | Not for loan | Collection code | Home library | Current library | Date acquired | Source of acquisition | Full call number | Barcode | Date last seen | Copy number | Koha item type |
|---|---|---|---|---|---|---|---|---|---|---|---|---|---|---|
| Dewey Decimal Classification | Non-fiction | Biblioteca Pública José María del Castillo y Rada | Biblioteca Pública José María del Castillo y Rada | 04/15/2018 | Donación | 338.98 / G516c | 430006336 | 05/16/2024 | Ej.1 | Books |